000 00273nam a2200121 a 4500
008 101022s1966|||| d
100 1 _aLoti, Piere
245 1 0 _aIslandský rybár
260 _bTatran
_aBratislava
_c1966
020 _c12
041 _aslo
044 _axo
_cSK
999 _c12056
_d12056